| 000 | 00746nam a2200205 a 4500 | ||
|---|---|---|---|
| 001 | 000041196 | ||
| 005 | 20201002034710.0 | ||
| 008 | 130925s2008 sp 001 0 spa d | ||
| 020 | _a9788496515628 | ||
| 040 |
_aDO-SdBNP _bspa _cBNPHU |
||
| 245 | 0 | 0 |
_aCien años de política cientifica en España / _cedición a cargo de Ana Romero de Pablos, María Jesús Santesmases. |
| 260 |
_aEspaña : _bFundación BBVA, _c2008. |
||
| 300 |
_a415 p. ; _c25 cm. |
||
| 500 | _aIncluye índice | ||
| 504 | _aIncluye referencias bibliográficas y notas al pie de las páginas | ||
| 504 | _aBibliografia p. 385-398. | ||
| 700 | 1 |
_aRomero de Pablos, Ana, _eed. _967769 |
|
| 700 | 1 |
_aSantesmases, María Jesús, _eed. _967770 |
|
| 710 | 2 |
_aFundación BBVA _956899 |
|
| 999 |
_c40686 _d40686 |
||